Catálogo público

A colour atlas of meat inspection / (Record no. 169399)

MARC details
000 -CABECERA
campo de control de longitud fija 00788nam a2200301Ia 4500
001 - NÚMERO DE CONTROL
campo de control Z_6167
003 - IDENTIFICADOR DEL NÚMERO DE CONTROL
campo de control CHAP
008 - DATOS DE LONGITUD FIJA--INFORMACIÓN GENERAL
campo de control de longitud fija 220113s9999 xx 000 0 und d
010 ## - NÚMERO DE CONTROL DE LA BIBLIOTECA DEL CONGRESO
Número de control de LC 169399
020 ## - NÚMERO INTERNACIONAL ESTÁNDAR DEL LIBRO
Número Internacional Estándar del Libro 0-7234-1525-0
040 ## - FUENTE DE LA CATALOGACIÓN
Centro/agencia transcriptor CHAP
082 ## - NÚMERO DE LA CLASIFICACIÓN DECIMAL DEWEY
Número de clasificación C 664.929 I54
100 ## - ENTRADA PRINCIPAL--NOMBRE DE PERSONA
Nombre de persona Infante Gil, J.
9 (RLIN) 144030
245 ## - MENCIÓN DE TÍTULO
Título A colour atlas of meat inspection /
Mención de responsabilidad, etc. J. Infante Gil; coautor J. Costa Durao
260 ## - PUBLICACIÓN, DISTRIBUCIÓN, ETC.
Lugar de publicación, distribución, etc. Inglaterra :
Nombre del editor, distribuidor, etc. Wolfe,
Fecha de publicación, distribución, etc.
300 ## - DESCRIPCIÓN FÍSICA
Extensión 453 p.
503 ## - NOTA DE HISTORIA BIBLIOGRÁFICA (BK CF MU) [OBSOLETO]
Nota de historia bibliográfica ej.1: 156769
650 ## - PUNTO DE ACCESO ADICIONAL DE MATERIA--TÉRMINO DE MATERIA
Término de materia o nombre geográfico como elemento de entrada Carne
Subdivisión general
-- Análisis
9 (RLIN) 144031
650 ## - PUNTO DE ACCESO ADICIONAL DE MATERIA--TÉRMINO DE MATERIA
Término de materia o nombre geográfico como elemento de entrada Carne
Subdivisión general Inspección
-- Atlas
9 (RLIN) 144032
650 ## - PUNTO DE ACCESO ADICIONAL DE MATERIA--TÉRMINO DE MATERIA
Término de materia o nombre geográfico como elemento de entrada Control de carnes
9 (RLIN) 144033
700 ## - PUNTO DE ACCESO ADICIONAL--NOMBRE DE PERSONA
Nombre de persona Costa Durao, J., coaut.
9 (RLIN) 144034
901 ## - ELEMENTOS DE DATOS A LOCAL LDA (RLIN)
a C 664.929 I54
902 ## - ELEMENTOS DE DATOS B LOCAL, LDB (RLIN)
a M
910 ## - DATOS DE OPCIÓN DEL USUARIO (OCLC)
Datos de opción del usuario
942 ## - ELEMENTOS DE PUNTO DE ACCESO ADICIONAL (KOHA)
Tipo de ítem Koha Libro_
942 ## - ELEMENTOS DE PUNTO DE ACCESO ADICIONAL (KOHA)
Tipo de ítem Koha
Holdings
Estado de retiro Estado de pérdida Fuente del sistema de clasificación o colocación Estado dañado Restricciones de uso No para préstamo Código de colección Localización permanente Ubicación/localización actual Fecha de adquisición Fuente de adquisición Número de inventario Signatura topográfica completa Código de barras Fecha visto por última vez Número de copia Precio válido a partir de Tipo de ítem Koha
    Dewey Decimal Classification   Préstamo interno   Consulta Zootecnia Zootecnia 05/06/2012 Compra 156769 C 664.929 I54 z_4112 18/01/2022 1 18/01/2022 Libro